Microelectronic Circuit Design (Record no. 54899)
[ view plain ]
| 000 -LEADER | |
|---|---|
| fixed length control field | 00335nam a22001457a 4500 |
| 008 - FIXED-LENGTH DATA ELEMENTS--GENERAL INFORMATION | |
| fixed length control field | 190925b ||||| |||| 00| 0 eng d |
| 020 ## - INTERNATIONAL STANDARD BOOK NUMBER | |
| International Standard Book Number | 9780073380452 |
| 041 ## - LANGUAGE CODE | |
| Language code of text/sound track or separate title | eng |
| 080 ## - UNIVERSAL DECIMAL CLASSIFICATION NUMBER | |
| Universal Decimal Classification number | 621.38 |
| Item number | 621.38 |
| 082 ## - DEWEY DECIMAL CLASSIFICATION NUMBER | |
| Classification number | 621.38 |
| 100 ## - Rafti | |
| Rafti | 28 |
| 101 ## - Shkurtesa | |
| Shkurtesa | SHKI |
| 245 ## - TITLE STATEMENT | |
| Title | Microelectronic Circuit Design |
| Statement of responsibility, etc | Jaeger,R.C |
| 942 ## - ADDED ENTRY ELEMENTS (KOHA) | |
| Source of classification or shelving scheme | |
| Item type | Books |
| Withdrawn status | Lost status | Source of classification or shelving scheme | Damaged status | Not for loan | Permanent location | Current location | Shelving location | Date acquired | Total Checkouts | Full call number | Barcode | Date last seen | Price effective from | Koha item type |
|---|---|---|---|---|---|---|---|---|---|---|---|---|---|---|
| UBT - Prizren | UBT - Prizren | Book Cart | 09/25/2019 | 621.38 JAE | 002-3020379 | 09/25/2019 | 09/25/2019 | Books | ||||||
| UBT - Prizren | UBT - Prizren | Book Cart | 09/25/2019 | 621.38 JAE | 002-3020374 | 09/25/2019 | 09/25/2019 | Books | ||||||
| UBT - Prizren | UBT - Prizren | Book Cart | 09/25/2019 | 621.38 JAE | 002-3020369 | 09/25/2019 | 09/25/2019 | Books | ||||||
| UBT - Prizren | UBT - Prizren | Book Cart | 09/25/2019 | 621.38 JAE | 002-3020364 | 09/25/2019 | 09/25/2019 | Books | ||||||
| UBT - Prizren | UBT - Prizren | Book Cart | 09/25/2019 | 621.38 JAE | 002-3020359 | 09/25/2019 | 09/25/2019 | Books | ||||||
| UBT - Prizren | UBT - Prizren | Book Cart | 09/25/2019 | 621.38 JAE | 002-3020354 | 09/25/2019 | 09/25/2019 | Books | ||||||
| UBT - Prizren | UBT - Prizren | Book Cart | 09/25/2019 | 621.38 JAE | 002-3020349 | 09/25/2019 | 09/25/2019 | Books | ||||||
| UBT - Prizren | UBT - Prizren | Book Cart | 09/25/2019 | 621.38 JAE | 002-3020344 | 09/25/2019 | 09/25/2019 | Books | ||||||
| UBT - Prizren | UBT - Prizren | Book Cart | 09/25/2019 | 621.38 JAE | 002-3020339 | 09/25/2019 | 09/25/2019 | Books | ||||||
| UBT - Prizren | UBT - Prizren | Book Cart | 09/25/2019 | 621.38 JAE | 002-3020334 | 09/25/2019 | 09/25/2019 | Books |